000 00316nam a2200121Ia 4500
008 240731s9999 xx 000 0 und d
022 _a1754-2340
245 4 _aThe Journal of The Textile Institute
260 _bTaylor & Francis
856 _uhttps://www.tandfonline.com/loi/tjti20
942 _2ddc
942 _cTFEJ
999 _c80020
_d80020
945 _a1
_bMadushi Gamage
_c1
_dMadushi Gamage